000
00268nam a22001217a 4500
008
181217b xxu||||| |||| 00| 0 eng d
041
_a
eng
080
_a
510
100
_a
36
101
_a
MAT
245
_a
Introduction to Mathematics
_c
Kleene,S.C
942
_2
udc
_c
BK
999
_c
53324
_d
53324